| 000 | 00693nam a2200217 a 4500 | ||
|---|---|---|---|
| 001 | 000019940 | ||
| 005 | 20200929170211.0 | ||
| 008 | 100709s1993 dr r 000 p spa d | ||
| 020 | _a8432204099 | ||
| 040 |
_aDO-SdBNP _bspa _cBNPHU |
||
| 082 |
_a861.44 _bG463p |
||
| 100 | 1 |
_aGil de Biedma, Jaime, _d1929-1990. _914094 |
|
| 245 | 1 | 4 |
_aLas personas del verbo / : _bJaime Gil de Biedma. |
| 250 | _a7a ed. | ||
| 260 |
_aBarcelona : _bEditorial Six Barral, _c1993. |
||
| 300 |
_a179 p. ; _c20 cm. |
||
| 490 | 1 | _aColección biblioteca breve | |
| 500 | _aIncluye referencia biográfica del autor en la contracubierta. | ||
| 650 | 4 |
_aPoesía española _9631 |
|
| 650 | 4 |
_aLiteratura española _9632 |
|
| 999 |
_c19453 _d19453 |
||